Дело об ангажементе певца Тамбурини на сезон 1846 года и о бенефисе его

RUSMARC
00005540cbc2a2200000#x 450
001a7580a89-bfb2-492d-8b0c-94c1456de75a
00520191224123807.0
100##$a20170704l18461846k l0rusy0189 ca
1010#$arus
102##$aRU
2001#$aДело об ангажементе певца Тамбурини на сезон 1846 года и о бенефисе его
$j10 января - 31 января 1846 г.
251##$cДело
300##$aПо Канцелярии директора за 1846 год
300##$aЗаголовок дела также: Дело об ангажементе певца Тамбурини на сезон 1846 года и о бенефисе его за сезон 1845 года
300##$aРукописный текст. Чернила
801#0$aRU
$bРГИА
$c20170704
801#1$aRU
$bГлавНИВЦ
$c20170704
$2rusmarc
801#2$aRU
$bПБ им. Б.Н. Ельцина
$c20181225
$gRCR
$2rusmarc
850##$aФедеральное казенное учреждение "Российский государственный исторический архив" (РГИА)
852##$aРГИА
$j10954
937##$hРГИА
$d12247290
$aASBIBLIO_SCAN
462#0$1001dd3991dc-24e1-42ec-8838-ca4255420416
$12001
$a1746-1850 гг.
$vД. 10954
$1251
$cОпись
$1852
$j1
461#0$10019264ebf8-de62-4f1a-9eb4-9f22098dbbd5
$12001
$aДирекция императорских театров МИДв
$1251
$cФонд
$1852
$j497
215##$a11 л.
$d36,5х26 см
371##$aДокумент не является опубликованным и широко распространяемым
105##$ay###
1222#$ad18460110##
$ad18460131##
035##$aa7580a89-bfb2-492d-8b0c-94c1456de75a
856##$uhttp://readingroom.main.prlib.ru/item.aspx?id_node=n122361610&mode=full
5171#$aДело об ангажементе певца Тамбурини на сезон 1846 года и о бенефисе его за сезон 1845 года
600#1$2prlib_sh
$3LIBNET\UAF\0000086834
$aТамбурини
$bА.
$gАнтонио
$f1800-1876
$jДокументы и материалы
60101$2prlib_sh
$3LIBNET\UAF\0000080151
$aРоссия
$bДирекция императорских театров
$xДеятельность
$jДокументы и материалы
686##$2rubbk
$a63.3(2)521-7
$vLBC/M
686##$a85.335.41
$vLBC/M
$2rubbk
605##$2acquisition_Prlib
$3LIBNET\UAF\0000080478
$aГод театра в России
$lколлекция
605##$2acquisition_Prlib
$3DITM\AF\0000004166
$aРоссия в лицах
$lколлекция
Формат отображения